| 000 | 00920nam a2200169 a 4500 | ||
|---|---|---|---|
| 008 | 190618s2016 ||||||||||||||||| || u | ||
| 050 | _aUNCTAD(08)TTF/7 | ||
| 110 | _aUnited Nations Conference on Trade and Development (UNCTAD) | ||
| 245 | 1 | 0 |
_aTrade facilitation and development: driving trade competitiveness, border agency effectiveness and strengthened governance _cby United Nations Conference on Trade and Development [UNCTAD] |
| 260 |
_aGeneva _bUnited Nations Conference on Trade and Development (UNCTAD) _c2016 |
||
| 300 | _a25 pages : illustration | ||
| 490 | _aTransport and trade facilitation | ||
| 650 | _aFOREIGN TRADE PROMOTION | ||
| 650 | 0 | _aINTERNATIONAL TRADE | |
| 650 | 0 | _aECONOMIC DEVELOPMENT | |
| 995 |
_FCBU-MAIN LIBRARY (Kitwe) _M1 _UAVAILABLE _WJun 18, 2019 _XUnited Nations Conference on Trade And Development (UNCTAD) _ZInternational Publications |
||
| 999 |
_c60165 _d60165 |
||